| 000 | 01251nam a2200241 i 4500 | ||
|---|---|---|---|
| 001 | 163092 | ||
| 003 | ES-MaACL | ||
| 005 | 20230906212652.0 | ||
| 008 | 990903s1900 sp |||| | spa d | ||
| 100 | 1 |
_aRebolledo, Tineo. _9161662 |
|
| 245 | 1 | 2 |
_aA chipicallí : _b(la lengua gitana) : conceptos sobre ella en el mundo profano y en el erudito ; Diccionario gitano-español y español-gitano (9.000 voces) ; Modelos de conjugación de verbos... en caló ; Historia de los gitanos desde su aparición en Europa, y cuentos y chascarrillos de procedencia genuinamente gitana / _cJ. Tineo Rebolledo. |
| 246 | 3 | 0 | _aDiccionario gitano-español y español-gitano (9.000 voces) |
| 246 | 3 | 0 | _aHistoria de los gitanos desde su aparición en Europa |
| 260 |
_aGranada : _b[s.n.], _c1900 ( _fImp. de F. Gómez de la Cruz) |
||
| 300 |
_a247 p. ; _c23 cm. |
||
| 530 | _aDisponible en formato digital. | ||
| 650 | 4 |
_aDialecto caló- _vDiccionarios- _xEspañol. _9136354 |
|
| 650 | 4 |
_aLengua española- _vDiccionarios- _xCaló. _9161663 |
|
| 650 | 4 |
_aDialecto caló. _9149852 |
|
| 650 | 4 |
_aGitanos- _xHistoria. _913122 |
|
| 852 |
_aES-MaACL _jG-876 _z- Enc. hol. |
||
| 856 |
_uhttps://archive.org/details/achipicallilalen00tine/page/n7/mode/2up _zInternet Archive |
||
| 999 |
_c163092 _d163092 |
||